Gaming Quiz

Random Gaming or Video Games Quiz
Score 0/20 Timer 04:00
7 Plays Today
% Correct
Pac-Man
97%
Tetris
94.1%
Super Mario Bros.
93.3%
Pokémon
90.8%
Minecraft
88.1%
Sonic the Hedgehog
85%
The Sims
83%
Space Invaders
80.2%
Donkey Kong
76.4%
Portal
75.5%
% Correct
The Legend of Zelda:
Ocarina of Time
72.2%
Candy Crush
71.7%
Crash Bandicoot
68%
Angry Birds
66.3%
Half-Life
65.6%
Guitar Hero
64.8%
Spyro the Dragon
43.5%
Frogger
41.8%
Fallout 3
34.4%
Age of Empires
28.9%

You're not logged in!

Compare scores with friends on all Sporcle quizzes.
OR
Log In

Sporcle TV

Today on Sporcle TV


Watch our educational content, quiz creation guides, and fun videos on Sporcle TV.

Show Comments

Extras

Top Quizzes Today


Score Distribution

Paid Content

Your Account Isn't Verified!

In order to create a playlist on Sporcle, you need to verify the email address you used during registration. Go to your Sporcle Settings to finish the process.

Report this User

Report this user for behavior that violates our Community Guidelines.

Details: